| 000 | 01098nam a2200241 a 4500 | ||
|---|---|---|---|
| 001 | philipscertifica00lond | ||
| 003 | CaSfIA | ||
| 005 | 20210118210101.0 | ||
| 007 | cr|||| | ||
| 008 | 900420s1987 xxk | 000 ||eng|d | ||
| 020 | _a0540055212 | ||
| 035 | _a(UK-BiTAL)a30cde88a0294b7f9a3436dbf13d3535 | ||
| 035 | _a()0540055212 | ||
| 040 |
_aNL _cNL _dUK-BiTAL _dBIBLIOS _dCaSfIA |
||
| 245 | 0 | 0 |
_aPhilip's certificate atlas. _h[electronic resource] |
| 250 | _aFourth ed. | ||
| 260 |
_aLondon : _bGeorge Philip & Son Ltd, _c1987. |
||
| 856 | 4 | 1 |
_uhttp://www.archive.org/details/philipscertifica00lond _zFree eBook from the Internet Archive |
| 856 | 4 | 2 |
_uhttp://www.openlibrary.org/books/OL15059470M _zAdditional information and access via Open Library |
| 942 | _cEB | ||
| 506 | _fНеобхідна авторизація на https://archive.org/ (створення облікового запису безкоштовно) | ||
| 506 | _fНеобхідна авторизація на https://openlibrary.org/ (створення облікового запису безкоштовно) | ||
| 999 |
_c536251 _d536251 |
||